[Event "GBR-ch85"]
[Site "Torquay"]
[Date "1998.07.27"]
[Round "1.1"]
[White "Sadler, Matthew D"]
[Black "Lewis, Andrew P"]
[Result "1-0"]
[WhiteElo "2660"]
[BlackElo "2275"]
[PlyCount "69"]
[EventDate "1998.07.27"]
[EventType "swiss"]
[EventRounds "11"]
[EventCountry "GBR"]
[SourceTitle "BritBase"]
[Source "britbase.info"]
[SourceDate "2021.07.30"]
[SourceVersion "1"]
[SourceVersionDate "2021.07.30"]
[SourceQuality "1"]

1. d4 Nf6 2. c4 g6 3. Nc3 Bg7 4. e4 d6 5. Bg5 O-O 6. Be2 Na6 7. f3 c5 8. d5 h6
9. Be3 e6 10. Qd2 exd5 11. cxd5 h5 12. Bd3 Bd7 13. Nge2 Re8 14. O-O Rb8 15. a4
Nb4 16. Bc4 a6 17. a5 Nh7 18. Kh1 Qe7 19. Rae1 b5 20. axb6 Rxb6 21. f4 Bb5 22.
b3 Nf6 23. e5 Ng4 24. Bg1 dxe5 25. Ne4 Bxc4 26. bxc4 exf4 27. Nxf4 Rbb8 28.
Bxc5 Qc7 29. d6 Qc6 30. d7 Red8 31. Bxb4 Rxd7 32. Nd5 Kh8 33. Rc1 Ne5 34. Bc3
Rc8 35. Bxe5 1-0

[Event "GBR-ch85"]
[Site "Torquay"]
[Date "1998.07.27"]
[Round "1.2"]
[White "Smith, Andrew Philip"]
[Black "Short, Nigel David"]
[Result "0-1"]
[WhiteElo "2290"]
[BlackElo "2670"]
[PlyCount "66"]
[EventDate "1998.07.27"]
[EventType "swiss"]
[EventRounds "11"]
[EventCountry "GBR"]
[SourceTitle "BritBase"]
[Source "britbase.info"]
[SourceDate "2021.07.30"]
[SourceVersion "1"]
[SourceVersionDate "2021.07.30"]
[SourceQuality "1"]

1. e4 c5 2. Nf3 d6 3. d4 cxd4 4. Nxd4 Nf6 5. Nc3 a6 6. Bg5 e6 7. Be2 Nbd7 8.
O-O Be7 9. Qd3 h6 10. Bxf6 Bxf6 11. Rad1 O-O 12. Nb3 Be7 13. a4 Qc7 14. Kh1 Ne5
15. Qg3 Nc4 16. Bxc4 Qxc4 17. a5 Bd7 18. Rfe1 Rfd8 19. Rd4 Qc7 20. f4 Bc6 21.
f5 Bf6 22. Rd3 Be5 23. Qh3 Re8 24. fxe6 fxe6 25. Rf3 Rac8 26. Ref1 Qd8 27. Qg4
Qg5 28. Qxg5 hxg5 29. Nd2 d5 30. exd5 exd5 31. Rd3 d4 32. Nce4 Bb5 33. Nxg5
Rxc2 0-1

[Event "GBR-ch85"]
[Site "Torquay"]
[Date "1998.07.27"]
[Round "1.4"]
[White "Hebden, Mark"]
[Black "Jackson, Oliver"]
[Result "1/2-1/2"]
[WhiteElo "2590"]
[BlackElo "2255"]
[PlyCount "89"]
[EventDate "1998.07.27"]
[EventType "swiss"]
[EventRounds "11"]
[EventCountry "GBR"]
[SourceTitle "BritBase"]
[Source "britbase.info"]
[SourceDate "2021.07.30"]
[SourceVersion "1"]
[SourceVersionDate "2021.07.30"]
[SourceQuality "1"]

1. d4 Nf6 2. Nf3 c5 3. d5 d6 4. Nc3 g6 5. e4 Bg7 6. Be2 O-O 7. O-O Na6 8. Nd2
Nc7 9. a4 b6 10. Nc4 Ba6 11. Bf4 Bxc4 12. Bxc4 a6 13. Re1 Qd7 14. e5 Nh5 15. e6
Qd8 16. exf7+ Rxf7 17. Be3 Qd7 18. Be2 Nf6 19. h3 Rff8 20. Qd3 b5 21. axb5 axb5
22. Rxa8 Rxa8 23. Nxb5 Nxb5 24. Qxb5 Qxb5 25. Bxb5 Rb8 26. Bc4 Rxb2 27. Bb3 Nd7
28. Bc1 Rb1 29. Bd2 Rxe1+ 30. Bxe1 Bd4 31. Kf1 Nb6 32. Ke2 c4 33. Ba2 Kg7 34.
g3 Nxd5 35. Bxc4 Nb6 36. Bb3 Kf6 37. h4 e6 38. Bb4 Bc5 39. Bc3+ Ke7 40. g4 d5
41. f4 Nc8 42. Be1 Nd6 43. c3 h5 44. gxh5 gxh5 45. Bc2 1/2-1/2

[Event "GBR-ch85"]
[Site "Torquay"]
[Date "1998.07.27"]
[Round "1.7"]
[White "Pert, Richard G"]
[Black "Ward, Christopher G"]
[Result "1/2-1/2"]
[WhiteElo "2240"]
[BlackElo "2505"]
[PlyCount "55"]
[EventDate "1998.07.27"]
[EventType "swiss"]
[EventRounds "11"]
[EventCountry "GBR"]
[SourceTitle "BritBase"]
[Source "britbase.info"]
[SourceDate "2021.07.30"]
[SourceVersion "1"]
[SourceVersionDate "2021.07.30"]
[SourceQuality "1"]

1. e4 c5 2. Nf3 d6 3. Nc3 Nc6 4. d4 cxd4 5. Nxd4 g6 6. Be3 Bg7 7. Qd2 Bd7 8. f3
Rc8 9. O-O-O h5 10. Kb1 Nf6 11. Be2 Ne5 12. h3 Nc4 13. Bxc4 Rxc4 14. g4 Qc8 15.
Nde2 b6 16. Bd4 Kf8 17. b3 Rc6 18. Nd5 Ne8 19. Nb4 Rc7 20. Nd5 Rb7 21. Ng3 Bxd4
22. Qxd4 e5 23. Qd2 h4 24. Ne2 Be6 25. f4 Bxd5 26. Qxd5 Rc7 27. Rhf1 Rc5 28.
Qd3 1/2-1/2

[Event "GBR-ch85"]
[Site "Torquay"]
[Date "1998.07.27"]
[Round "1.8"]
[White "Rowson, Jonathan"]
[Black "Alfred, Nathan"]
[Result "1-0"]
[WhiteElo "2495"]
[BlackElo "2235"]
[PlyCount "65"]
[EventDate "1998.07.27"]
[EventType "swiss"]
[EventRounds "11"]
[EventCountry "GBR"]
[SourceTitle "BritBase"]
[Source "britbase.info"]
[SourceDate "2021.07.30"]
[SourceVersion "1"]
[SourceVersionDate "2021.07.30"]
[SourceQuality "1"]

1. e4 g6 2. d4 Bg7 3. Nf3 d6 4. Be2 Nf6 5. Nc3 O-O 6. O-O c6 7. Bf4 Nh5 8. Be3
e5 9. dxe5 dxe5 10. Qxd8 Rxd8 11. Rfd1 Re8 12. g3 Nf6 13. a4 a5 14. Nd2 Be6 15.
Nc4 Nbd7 16. Nd6 Reb8 17. f4 Ng4 18. Bc1 exf4 19. gxf4 Ndf6 20. f5 gxf5 21.
exf5 Bd7 22. Bf4 Nh5 23. Bg5 Nhf6 24. h3 Ne5 25. Kh1 Ne8 26. Nce4 Nxd6 27. Nxd6
f6 28. Bf4 b5 29. Rg1 Kf8 30. Raf1 bxa4 31. Bxe5 fxe5 32. f6 Bh6 33. Bc4 1-0

[Event "GBR-ch85"]
[Site "Torquay"]
[Date "1998.07.27"]
[Round "1.10"]
[White "Arkell, Keith C"]
[Black "Rayner, Francis"]
[Result "1-0"]
[WhiteElo "2475"]
[BlackElo "2235"]
[PlyCount "133"]
[EventDate "1998.07.27"]
[EventType "swiss"]
[EventRounds "11"]
[EventCountry "GBR"]
[SourceTitle "BritBase Aug 2004"]

1. d4 Nf6 2. Nf3 e6 3. c4 c5 4. d5 b5 5. Bg5 exd5 6. cxd5 h6 7. Bxf6 Qxf6 8.
Qc2 d6 9. e4 a6 10. a4 b4 11. Nbd2 Bg4 12. Be2 Nd7 13. h3 Bxf3 14. Bxf3 g6 15.
a5 Bg7 16. Rb1 O-O 17. O-O Ne5 18. Be2 g5 19. Kh1 g4 20. hxg4 Qh4+ 21. Kg1 Nxg4
22. Bxg4 Qxg4 23. Nc4 f5 24. exf5 Qxf5 25. Qxf5 Rxf5 26. Rbd1 Rd8 27. Ne3 Rf4
28. g3 Re4 29. b3 Rf8 30. Rd3 Bd4 31. Nc2 Bc3 32. Re3 Rxe3 33. Nxe3 Bd4 34. Nc2
Rf3 35. Nxd4 cxd4 36. Rd1 Rxb3 37. Rxd4 Rb1+ 38. Kg2 b3 39. Rb4 Kf7 40. Kf3 b2
41. Kf4 Rd1 42. Rxb2 Rxd5 43. Rb6 Rxa5 44. Rxd6 Ra2 45. f3 Ra4+ 46. Kf5 Ra5+
47. Kg4 Kg7 48. Kh4 Rf5 49. f4 Rf6 50. Rd5 Kg6 51. Ra5 Kg7 52. Kh5 Rb6 53. Kh4
Rf6 54. f5 Rb6 55. g4 Kf6 56. Kh5 Kg7 57. Rc5 Rb1 58. Rc7+ Kf6 59. Rc6+ Kg7 60.
Rg6+ Kf7 61. Kxh6 Rb4 62. Kg5 a5 63. Ra6 a4 64. Ra7+ Kf8 65. f6 Ke8 66. Kf5
Rb5+ 67. Kg6 1-0

[Event "GBR-ch85"]
[Site "Torquay"]
[Date "1998.07.27"]
[Round "1.11"]
[White "Eames, Robert"]
[Black "Sasikiran, Krishnan"]
[Result "0-1"]
[WhiteElo "2232"]
[BlackElo "2470"]
[PlyCount "78"]
[EventDate "1998.07.27"]
[EventType "swiss"]
[EventRounds "11"]
[EventCountry "GBR"]
[SourceTitle "BritBase"]
[Source "britbase.info"]
[SourceDate "2021.07.30"]
[SourceVersion "1"]
[SourceVersionDate "2021.07.30"]
[SourceQuality "1"]

1. e4 e5 2. f4 exf4 3. Nf3 Nf6 4. e5 Nh5 5. Be2 d5 6. O-O Bg4 7. d4 g5 8. Ne1
Bxe2 9. Qxe2 Ng7 10. g3 Ne6 11. c3 Rg8 12. Qb5+ Nc6 13. Qxb7 Ne7 14. Nd2 Bh6
15. Nb3 Rb8 16. Qxa7 Qc8 17. Qa4+ c6 18. Na5 Rg6 19. Qc2 c5 20. Qf2 cxd4 21.
cxd4 Qa6 22. b4 Rxb4 23. Nc2 Ra4 24. Nb3 g4 25. Bd2 Ng5 26. Kh1 Ne4 27. Qe1 f3
28. Bxh6 Rxh6 29. Nc5 Nxc5 30. dxc5 Nf5 31. Ne3 Qe2 32. Qxe2 Nxg3+ 33. Kg1
Nxe2+ 34. Kf2 Rxh2+ 35. Ke1 Re4 36. Rf2 Rh1+ 37. Nf1 g3 38. Rxf3 g2 39. Kd2
g1=Q 0-1

[Event "GBR-ch85"]
[Site "Torquay"]
[Date "1998.07.27"]
[Round "1.13"]
[White "Ledger, David"]
[Black "Thipsay, Praveen"]
[Result "0-1"]
[WhiteElo "2220"]
[BlackElo "2450"]
[PlyCount "120"]
[EventDate "1998.07.27"]
[EventType "swiss"]
[EventRounds "11"]
[EventCountry "GBR"]
[SourceTitle "BritBase Aug 2004"]

1. d4 Nf6 2. c4 g6 3. Nc3 Bg7 4. e4 d6 5. Nf3 O-O 6. Be2 Na6 7. O-O e5 8. d5
Nc5 9. Qc2 a5 10. Bg5 h6 11. Bh4 g5 12. Bg3 Nh5 13. Rfe1 f5 14. Nd2 Nf4 15. f3
Nxe2+ 16. Rxe2 f4 17. Bf2 h5 18. Kh1 g4 19. b3 Rf7 20. a3 Bf8 21. Rb1 Rg7 22.
b4 axb4 23. axb4 Nd7 24. Nb3 Qg5 25. Bg1 Nf6 26. c5 h4 27. cxd6 cxd6 28. b5 Nh5
29. Nd2 h3 30. gxh3 gxh3 31. Nc4 Ng3+ 32. hxg3 fxg3 33. Bh2 Qh5 34. Qd3 gxh2
35. Nb6 Rb8 36. Rxh2 Be7 37. Ne2 Bd8 38. Nc4 Rg6 39. Rg1 Bd7 40. Nxd6 Bb6 41.
Rxg6+ Qxg6 42. Nf5 Ra8 43. Rxh3 Ra1+ 44. Kh2 Bg1+ 45. Kh1 Bxf5 46. exf5 Be3+
47. Kh2 Bf4+ 48. Rg3 Bxg3+ 49. Nxg3 Qh6+ 50. Kg2 Ra2+ 51. Ne2 Qd2 52. Qxd2 Rxd2
53. Kf2 Rxd5 54. Ke3 Rxb5 55. Ke4 Kf7 56. Nc3 Rc5 57. Nd5 b5 58. Nb6 b4 59. Na4
Rc4+ 60. Kd5 Rc2 0-1

[Event "GBR-ch85"]
[Site "Torquay"]
[Date "1998.07.27"]
[Round "1.14"]
[White "Ledger, Andrew"]
[Black "Stephenson, F Norman"]
[Result "1-0"]
[WhiteElo "2450"]
[BlackElo "2215"]
[PlyCount "85"]
[EventDate "1998.07.27"]
[EventType "swiss"]
[EventRounds "11"]
[EventCountry "GBR"]
[SourceTitle "BritBase"]
[Source "britbase.info"]
[SourceDate "2021.07.30"]
[SourceVersion "1"]
[SourceVersionDate "2021.07.30"]
[SourceQuality "1"]

1. e4 c5 2. Nc3 e6 3. g3 d5 4. exd5 exd5 5. Bg2 Nf6 6. d3 d4 7. Ne4 Nxe4 8.
dxe4 Bd6 9. Ne2 Nc6 10. O-O O-O 11. a3 a5 12. f4 f5 13. c3 Kh8 14. cxd4 Nxd4
15. e5 Bc7 16. Be3 Ne6 17. Qc2 Rb8 18. Rfd1 Qe7 19. Nc3 b6 20. Nd5 Qf7 21. b4
cxb4 22. axb4 Bd8 23. Qf2 Bb7 24. bxa5 bxa5 25. Ba7 Ra8 26. Bb6 h6 27. h3 a4
28. Ra3 Ra6 29. Be3 Bxd5 30. Bxd5 Qh5 31. Qf1 Bb6 32. Bxb6 Rxb6 33. Rxa4 Rb2
34. Ra2 Rxa2 35. Bxa2 Nc5 36. Bd5 Qg6 37. Qf2 Rd8 38. Rd2 Na6 39. Kh2 Rb8 40.
Bg2 Rb1 41. Rd8+ Kh7 42. Qa2 Qb6 43. Qg8+ 1-0

[Event "GBR-ch85"]
[Site "Torquay"]
[Date "1998.07.27"]
[Round "1.16"]
[White "Levitt, Jonathan P"]
[Black "Morrison, Chris"]
[Result "1-0"]
[WhiteElo "2430"]
[BlackElo "2200"]
[PlyCount "83"]
[EventDate "1998.07.27"]
[EventType "swiss"]
[EventRounds "11"]
[EventCountry "GBR"]
[SourceTitle "BritBase Aug 2004"]

1. d4 d6 2. c4 Nf6 3. Nc3 Nbd7 4. e4 e5 5. d5 Be7 6. Nge2 c6 7. Ng3 cxd5 8.
cxd5 O-O 9. Be3 Ne8 10. h4 Ndf6 11. Be2 Kh8 12. a3 Ng8 13. Nf5 Bf6 14. Qd2 g6
15. Nh6 Nxh6 16. Bxh6 Rg8 17. Bg5 Bxg5 18. hxg5 f6 19. gxf6 Qxf6 20. g3 Rg7 21.
O-O-O Bd7 22. Rh2 Nc7 23. Qe3 b5 24. Kb1 Be8 25. Rc1 a5 26. Qb6 Ra6 27. Qb7 Qd8
28. Nxb5 Bxb5 29. Bxb5 Ra8 30. Qc6 Nxb5 31. Qxb5 Rb8 32. Qc4 Rgb7 33. f4 Qf6
34. Qc3 Rb3 35. fxe5 dxe5 36. Qc7 h5 37. Ka2 Qg5 38. Rc6 Qxg3 39. Rxh5+ gxh5
40. Rh6+ Kg8 41. Qh7+ Kf8 42. Rf6+ 1-0

[Event "GBR-ch85"]
[Site "Torquay"]
[Date "1998.07.27"]
[Round "1.17"]
[White "Potopaev, Philip"]
[Black "Lane, Gary William"]
[Result "0-1"]
[WhiteElo "2060"]
[BlackElo "2405"]
[PlyCount "72"]
[EventDate "1998.07.27"]
[EventType "swiss"]
[EventRounds "11"]
[EventCountry "GBR"]
[SourceTitle "BritBase Aug 2004"]

1. d4 Nf6 2. c4 g6 3. Nc3 Bg7 4. e4 d6 5. f3 O-O 6. Be3 Nc6 7. Nge2 a6 8. Qd2
Rb8 9. h4 h5 10. Nc1 Ne8 11. Nb3 f5 12. exf5 Bxf5 13. O-O-O e5 14. d5 Ne7 15.
Be2 Nf6 16. Rdg1 c6 17. g4 hxg4 18. fxg4 Ne4 19. Qe1 Nxc3 20. gxf5 Nxe2+ 21.
Qxe2 Rxf5 22. h5 Rxh5 23. Rxh5 gxh5 24. Qxh5 Qe8 25. Qh3 Qc8 26. Qg2 Nf5 27.
Nd2 Qc7 28. Ne4 cxd5 29. Nf6+ Kf8 30. Nh7+ Ke8 31. Qxd5 Qf7 32. Nf6+ Qxf6 33.
Qg8+ Bf8 34. Rg6 Ne7 35. Rxf6 Nxg8 36. Rg6 Kf7 0-1

[Event "GBR-ch85"]
[Site "Torquay"]
[Date "1998.07.27"]
[Round "1.18"]
[White "Kelly, Brian"]
[Black "Barton, R Alan"]
[Result "1/2-1/2"]
[WhiteElo "2405"]
[BlackElo "2180"]
[PlyCount "90"]
[EventDate "1998.07.27"]
[EventType "swiss"]
[EventRounds "11"]
[EventCountry "GBR"]
[SourceTitle "BritBase"]
[Source "britbase.info"]
[SourceDate "2021.07.30"]
[SourceVersion "1"]
[SourceVersionDate "2021.07.30"]
[SourceQuality "1"]

1. d4 d5 2. c4 e5 3. dxe5 d4 4. Nf3 Nc6 5. g3 Be6 6. Nbd2 Qd7 7. Bg2 Nge7 8.
O-O Ng6 9. Qa4 Be7 10. Rd1 O-O 11. Ne4 Rad8 12. b3 Ncxe5 13. Qxd7 Nxf3+ 14.
Bxf3 Rxd7 15. Ng5 Bxg5 16. Bxg5 h6 17. Bc1 c5 18. Bb2 a5 19. a4 Re8 20. Rd2 Bf5
21. Rad1 Rde7 22. Ba3 b6 23. Ra2 Ne5 24. Bd5 Ng4 25. Bf3 Nf6 26. Bc1 Be4 27.
Bxe4 Nxe4 28. Bd2 g5 29. h3 Kg7 30. Bc1 f5 31. Rd3 Kg6 32. e3 Nf6 33. Bd2 Rd7
34. exd4 Rxd4 35. Rxd4 cxd4 36. Kf1 d3 37. Be3 Ne4 38. Kg2 Rd8 39. Ra1 Rd6 40.
Rd1 h5 41. f3 Nc3 42. Rd2 Nb1 43. Rd1 Nc3 44. Rd2 Nb1 45. Rd1 Nc3 1/2-1/2

[Event "GBR-ch85"]
[Site "Torquay"]
[Date "1998.07.27"]
[Round "1.20"]
[White "Bates, Richard A"]
[Black "Jackson, Sheila"]
[Result "1/2-1/2"]
[WhiteElo "2395"]
[BlackElo "2165"]
[PlyCount "98"]
[EventDate "1998.07.27"]
[EventType "swiss"]
[EventRounds "11"]
[EventCountry "GBR"]
[SourceTitle "BritBase"]
[Source "britbase.info"]
[SourceDate "2021.07.30"]
[SourceVersion "1"]
[SourceVersionDate "2021.07.30"]
[SourceQuality "1"]

1. d4 Nf6 2. Nf3 e6 3. c4 b6 4. g3 Bb7 5. Bg2 Be7 6. O-O O-O 7. Nc3 Ne4 8. Bd2
f5 9. d5 Nd6 10. b3 Bf6 11. Rc1 Na6 12. Be1 e5 13. e4 fxe4 14. Nd2 Bg5 15.
Ncxe4 Nxe4 16. Bxe4 Nc5 17. Bg2 d6 18. Rc3 a5 19. Ne4 Nxe4 20. Bxe4 g6 21. h4
Bh6 22. h5 Kg7 23. Kg2 Bc8 24. hxg6 hxg6 25. Rh1 Bg5 26. Bd2 Bf5 27. Bxf5 Rxf5
28. Rc2 Bxd2 29. Qxd2 Qg5 30. Qxg5 Rxg5 31. a3 Rh8 32. Rxh8 Kxh8 33. f3 Rf5 34.
b4 axb4 35. axb4 Kg7 36. Kf2 Rh5 37. Kg2 Kf6 38. Ra2 Rh8 39. Ra7 Rc8 40. Kf2
Ke7 41. Ke3 Kd7 42. Ra6 Rh8 43. c5 bxc5 44. bxc5 Rb8 45. c6+ Kd8 46. f4 Rb3+
47. Ke4 Rb4+ 48. Kf3 Rb5 49. Ke4 Rb4+ 1/2-1/2

[Event "GBR-ch85"]
[Site "Torquay"]
[Date "1998.07.27"]
[Round "1.21"]
[White "Cooper, Andrew G"]
[Black "Pert, Nicholas"]
[Result "0-1"]
[WhiteElo "2145"]
[BlackElo "2390"]
[PlyCount "52"]
[EventDate "1998.07.27"]
[EventType "swiss"]
[EventRounds "11"]
[EventCountry "GBR"]
[SourceTitle "BritBase"]
[Source "britbase.info"]
[SourceDate "2021.07.30"]
[SourceVersion "1"]
[SourceVersionDate "2021.07.30"]
[SourceQuality "1"]

1. d4 e6 2. c4 f5 3. g3 Nf6 4. Bg2 Be7 5. Nc3 O-O 6. Nf3 d6 7. O-O Qe8 8. Rb1
a5 9. b3 c6 10. a3 h6 11. b4 axb4 12. axb4 Nbd7 13. c5 d5 14. Ne5 Nxe5 15. dxe5
Nd7 16. f4 b6 17. Nxd5 cxd5 18. Bxd5 Ra7 19. Bxe6+ Kh8 20. Bxd7 Rxd7 21. Qc2
Rc7 22. Be3 Bb7 23. Bd4 Be4 24. Qb2 bxc5 25. Rbc1 Qb8 26. Qc3 c4 0-1

[Event "GBR-ch85"]
[Site "Torquay"]
[Date "1998.07.27"]
[Round "1.22"]
[White "Houska, Miroslav"]
[Black "Leech, Aiden"]
[Result "1-0"]
[WhiteElo "2375"]
[BlackElo "2145"]
[PlyCount "81"]
[EventDate "1998.07.27"]
[EventType "swiss"]
[EventRounds "11"]
[EventCountry "GBR"]
[SourceTitle "BritBase"]
[Source "britbase.info"]
[SourceDate "2021.07.30"]
[SourceVersion "1"]
[SourceVersionDate "2021.07.30"]
[SourceQuality "1"]

1. d4 Nf6 2. c4 g6 3. Nc3 Bg7 4. e4 d6 5. f4 O-O 6. Nf3 c5 7. d5 e6 8. Be2 exd5
9. cxd5 Bg4 10. O-O Nbd7 11. h3 Bxf3 12. Bxf3 h6 13. Be3 Re8 14. a4 a6 15. Bf2
b5 16. axb5 axb5 17. Rxa8 Qxa8 18. Nxb5 Nxe4 19. Nc7 Nxf2 20. Kxf2 Qb8 21. Nxe8
Qxe8 22. Re1 Qd8 23. b3 Qh4+ 24. g3 Qxh3 25. Bg2 Qf5 26. Re8+ Kh7 27. Be4 Qf6
28. Kg1 Qc3 29. Qf3 Qc1+ 30. Kh2 Bd4 31. Re7 Qg1+ 32. Kh3 Nf6 33. Rxf7+ Kg8 34.
Bxg6 Qc1 35. Rxf6 Bxf6 36. Qe4 Kg7 37. Be8 Kh8 38. Bg6 Kg7 39. Bh5 Kh8 40. Qe8+
Kg7 41. Qg6+ 1-0

[Event "GBR-ch85"]
[Site "Torquay"]
[Date "1998.07.27"]
[Round "1.23"]
[White "Mutton, Jonathan"]
[Black "Basman, Michael John"]
[Result "0-1"]
[WhiteElo "2135"]
[BlackElo "2360"]
[PlyCount "42"]
[EventDate "1998.07.27"]
[EventType "swiss"]
[EventRounds "11"]
[EventCountry "GBR"]
[SourceTitle "BritBase"]
[Source "britbase.info"]
[SourceDate "2021.07.30"]
[SourceVersion "1"]
[SourceVersionDate "2021.07.30"]
[SourceQuality "1"]

1. e4 g5 2. d4 h6 3. Nc3 d6 4. Be3 Bg7 5. Bc4 c6 6. a4 Nf6 7. Nge2 Nbd7 8. Bb3
Nf8 9. Ng3 Ng6 10. Nh5 Nxh5 11. Qxh5 e6 12. O-O Bd7 13. Rad1 Qe7 14. g3 O-O-O
15. f4 d5 16. e5 gxf4 17. gxf4 Rhg8 18. Kh1 c5 19. dxc5 d4 20. Bxd4 Bc6+ 21.
Kg1 Bxe5 0-1

[Event "GBR-ch85"]
[Site "Torquay"]
[Date "1998.07.27"]
[Round "1.24"]
[White "Wall, Gavin"]
[Black "Richards, Heather"]
[Result "1-0"]
[WhiteElo "2355"]
[BlackElo "2130"]
[PlyCount "85"]
[EventDate "1998.07.27"]
[EventType "swiss"]
[EventRounds "11"]
[EventCountry "GBR"]
[SourceTitle "BritBase"]
[Source "britbase.info"]
[SourceDate "2021.07.30"]
[SourceVersion "1"]
[SourceVersionDate "2021.07.30"]
[SourceQuality "1"]

1. e4 e6 2. d4 d5 3. e5 c5 4. c3 Nc6 5. Nf3 Bd7 6. dxc5 Bxc5 7. b4 Bb6 8. Bd3
f6 9. b5 Na5 10. O-O fxe5 11. Nxe5 Nf6 12. Ba3 Qc7 13. Qe2 Bc5 14. Nxd7 Kxd7
15. Re1 Rae8 16. Bxc5 Qxc5 17. Nd2 e5 18. Bf5+ Kc7 19. c4 d4 20. Ne4 Nxe4 21.
Bxe4 Kb8 22. Rac1 g6 23. Bd5 Rhf8 24. Qd3 b6 25. Re4 Rf5 26. Rce1 Qb4 27. Qe2
h5 28. Rxd4 Ref8 29. Rd2 Qc5 30. Red1 a6 31. Bf3 axb5 32. cxb5 Rf4 33. Rd5 Qc3
34. Rxe5 Rc8 35. Re6 Qc5 36. Rxg6 Rc4 37. Qe3 Qxe3 38. fxe3 Ka7 39. Rd7+ R8c7
40. Rg8 Rc1+ 41. Kf2 R1c2+ 42. Kg3 Nb7 43. Rgg7 1-0

[Event "GBR-ch85"]
[Site "Torquay"]
[Date "1998.07.27"]
[Round "1.25"]
[White "Wismayer, Clive"]
[Black "Lalic, Susan"]
[Result "1/2-1/2"]
[WhiteElo "2125"]
[BlackElo "2350"]
[PlyCount "64"]
[EventDate "1998.07.27"]
[EventType "swiss"]
[EventRounds "11"]
[EventCountry "GBR"]
[SourceTitle "BritBase"]
[Source "britbase.info"]
[SourceDate "2021.07.30"]
[SourceVersion "1"]
[SourceVersionDate "2021.07.30"]
[SourceQuality "1"]

1. e4 c6 2. d4 d5 3. e5 c5 4. dxc5 Nc6 5. Nf3 Bg4 6. Bb5 Qa5+ 7. Nc3 e6 8. Be3
Nge7 9. a3 Nf5 10. b4 Nxe3 11. fxe3 Qc7 12. O-O Be7 13. Qd4 Bxf3 14. Rxf3 O-O
15. Bxc6 bxc6 16. Raf1 f6 17. exf6 Bxf6 18. Qg4 Qe7 19. Ne2 e5 20. e4 g6 21.
Ng3 Kh8 22. h4 Bg7 23. h5 Rf4 24. Rxf4 exf4 25. Rxf4 Bd4+ 26. Kh1 Be5 27. Rf3
dxe4 28. Nxe4 Rd8 29. Rd3 Rf8 30. Rf3 Rd8 31. Rd3 Rf8 32. Rf3 Rd8 1/2-1/2

[Event "GBR-ch85"]
[Site "Torquay"]
[Date "1998.07.27"]
[Round "1.28"]
[White "Beaumont, Chris"]
[Black "Player, Edmund C"]
[Result "1-0"]
[WhiteElo "2330"]
[BlackElo "2110"]
[PlyCount "47"]
[EventDate "1998.07.27"]
[EventType "swiss"]
[EventRounds "11"]
[EventCountry "GBR"]
[SourceTitle "BritBase"]
[Source "britbase.info"]
[SourceDate "2021.07.30"]
[SourceVersion "1"]
[SourceVersionDate "2021.07.30"]
[SourceQuality "1"]

1. d4 e6 2. c4 d5 3. Nc3 dxc4 4. e4 a6 5. a4 b6 6. Bxc4 Bb7 7. Nf3 Nf6 8. Qe2
Be7 9. O-O h6 10. Rd1 c6 11. Bb3 Qc7 12. Ne5 Nbd7 13. Nxf7 Kxf7 14. Bxe6+ Ke8
15. e5 Nd5 16. Nxd5 cxd5 17. Bf4 Nf8 18. Rac1 Qd8 19. Bh3 Kf7 20. Rc7 Bc8 21.
e6+ Kg8 22. Rdc1 Ng6 23. Qh5 Nh4 24. Qf7+ 1-0

[Event "GBR-ch85"]
[Site "Torquay"]
[Date "1998.07.27"]
[Round "1.29"]
[White "McDonnell, James"]
[Black "Hinks-Edwards, Thomas"]
[Result "0-1"]
[WhiteElo "2020"]
[BlackElo "2315"]
[PlyCount "112"]
[EventDate "1998.07.27"]
[EventType "swiss"]
[EventRounds "11"]
[EventCountry "GBR"]
[SourceTitle "BritBase Aug 2004"]

1. e4 Nf6 2. e5 Nd5 3. d4 d6 4. Nf3 g6 5. c4 Nb6 6. exd6 cxd6 7. Be2 Bg7 8. O-O
O-O 9. Nc3 Bg4 10. h3 Bxf3 11. Bxf3 Nc6 12. Bxc6 bxc6 13. b3 d5 14. cxd5 cxd5
15. Bf4 Qd7 16. Qd3 Rfe8 17. Rfe1 f6 18. Bg3 Rac8 19. Rac1 e5 20. Ne2 e4 21.
Qd2 g5 22. Rxc8 Rxc8 23. Rc1 h6 24. h4 Kf7 25. a4 Bf8 26. hxg5 hxg5 27. a5
Rxc1+ 28. Qxc1 Nc8 29. Qc7 Ke6 30. a6 Qxc7 31. Bxc7 Kd7 32. Ba5 Ba3 33. Nc3 Kc6
34. Kf1 Bb2 35. Ne2 Nd6 36. Ke1 Nf5 37. Bd8 Bxd4 38. Nxd4+ Nxd4 39. Bxf6 Ne6
40. f3 exf3 41. gxf3 Kb5 42. Kd2 Kxa6 43. Kc3 Kb5 44. Be7 a6 45. Kd3 Kc6 46.
Kc3 Kd7 47. Bf6 Ke8 48. Bd4 Kf7 49. Be3 Kf6 50. Kb4 Kf5 51. Ka5 d4 52. Bd2 d3
53. b4 Nd4 54. Kxa6 Nxf3 55. Bc1 d2 56. Bxd2 Nxd2 0-1

[Event "GBR-ch85"]
[Site "Torquay"]
[Date "1998.07.27"]
[Round "1.32"]
[White "Dyce, Andrew"]
[Black "Holmes, Michael"]
[Result "0-1"]
[WhiteElo "2295"]
[BlackElo "1999"]
[PlyCount "84"]
[EventDate "1998.07.27"]
[EventType "swiss"]
[EventRounds "11"]
[EventCountry "GBR"]
[SourceTitle "BritBase"]
[Source "britbase.info"]
[SourceDate "2021.07.30"]
[SourceVersion "1"]
[SourceVersionDate "2021.07.30"]
[SourceQuality "1"]

1. e4 c5 2. Nf3 Nc6 3. Bb5 g6 4. Bxc6 dxc6 5. O-O Bg7 6. d3 Bg4 7. Nbd2 e5 8.
b3 f6 9. h3 Be6 10. Qe2 Nh6 11. Bb2 Qd7 12. a4 O-O 13. Nc4 Nf7 14. Nfd2 Bh6 15.
a5 Ng5 16. h4 Nf7 17. Ba3 Qe7 18. f3 Bxc4 19. Nxc4 Nd8 20. Qf2 Ne6 21. c3 Rfd8
22. Rfd1 b5 23. axb6 axb6 24. Nxb6 Rab8 25. Nc4 Rxb3 26. Na5 Rb6 27. Nc4 Ra6
28. d4 exd4 29. cxd4 Nxd4 30. Qa2 Qf7 31. Rd3 Rda8 32. Rad1 Rxa3 33. Rxa3 Rxa3
34. Qxa3 Qxc4 35. Qa8+ Bf8 36. Rb1 Qe6 37. Rb8 Qd6 38. Rd8 Qe7 39. Rb8 c4 40.
Rb7 Qe6 41. Ra7 c3 42. Qb7 Qe7 0-1

[Event "GBR-ch85"]
[Site "Torquay"]
[Date "1998.07.28"]
[Round "2.1"]
[White "Short, Nigel David"]
[Black "Levitt, Jonathan P"]
[Result "1-0"]
[WhiteElo "2670"]
[BlackElo "2430"]
[PlyCount "73"]
[EventDate "1998.07.27"]
[EventType "swiss"]
[EventRounds "11"]
[EventCountry "GBR"]
[SourceTitle "BritBase"]
[Source "britbase.info"]
[SourceDate "2021.07.30"]
[SourceVersion "1"]
[SourceVersionDate "2021.07.30"]
[SourceQuality "1"]

1. e4 e6 2. d4 d5 3. Nc3 Bb4 4. e5 c5 5. a3 Bxc3+ 6. bxc3 Ne7 7. Qg4 Kf8 8. Bd2
Qc7 9. Bd3 cxd4 10. cxd4 b6 11. Ne2 Ba6 12. Nf4 Bxd3 13. cxd3 Qd7 14. Nh5 Rg8
15. a4 Nbc6 16. O-O Qb7 17. Rfb1 Rc8 18. h3 Nf5 19. Bc1 Ke7 20. Bb2 Kd7 21. Ng3
Nxg3 22. fxg3 Nd8 23. a5 bxa5 24. Ba3 Qa6 25. Qh4 Re8 26. Qxh7 g6 27. Bc5 Qxd3
28. Kh2 a4 29. Rb4 a5 30. Rbxa4 Rb8 31. Rxa5 Rb3 32. Ra7+ Kc8 33. Ra8+ Rb8 34.
Bb6 Kb7 35. Rxb8+ Kxb8 36. Bxd8 Qxd4 37. Rb1+ 1-0